[Event "Mauricie op"]
[Site "Trois Rivieres CAN"]
[Date "2007.03.16"]
[Round "1"]
[White "Poirier, Erik"]
[Black "Hebert, Jean"]
[Result "0-1"]
[WhiteElo "2063"]
[BlackElo "2406"]
[PlyCount "92"]
[GameId "2160767910701577"]
[EventDate "2007.03.16"]
[EventType "swiss"]
[EventRounds "5"]
[EventCountry "CAN"]
[SourceTitle "EXT 2022"]
[Source "ChessBase"]
[SourceDate "2021.10.06"]
[SourceVersion "1"]
[SourceVersionDate "2021.10.06"]
[SourceQuality "1"]

1. d4 Nf6 2. c4 e6 3. Nc3 Bb4 4. e3 O-O 5. Bd3 c5 6. Nf3 Nc6 7. O-O d5 8. a3 Bxc3 9. bxc3 b6 10. cxd5 exd5 11. Ne5 Qc7 12. f4 Ne4 13. c4 Nf6 14. cxd5 Nxd5 15. Qc2 f5 16. e4 Nf6 17. Nxc6 Qxc6 18. e5 Nd5 19. dxc5 bxc5 20. Bc4 Be6 21. Bd2 Rac8 22. Rac1 Nb6 23. Bxe6+ Qxe6 24. Rfd1 Rc6 25. Ba5 c4 26. Bxb6 axb6 27. Rd6 Rxd6 28. exd6 b5 29. a4 Qxd6 30. axb5 Qc5+ 31. Kh1 Re8 32. b6 Re4 33. b7 Qc7 34. Qb1 Re8 35. Rxc4 Qxb7 36. Qc1 h6 37. h3 Re2 38. Rc8+ Kh7 39. Qc6 Qb1+ 40. Kh2 Qf1 41. Re8 Qxf4+ 42. Kh1 Qf1+ 43. Kh2 Rd2 44. Re3 Rd1 45. Qf3 Qg1+ 46. Kg3 Rf1 0-1

[Event "Mauricie op"]
[Site "Trois Rivieres CAN"]
[Date "2007.03.17"]
[Round "2"]
[White "Hebert, Jean"]
[Black "Le Duin, Thierry"]
[Result "1-0"]
[WhiteElo "2405"]
[BlackElo "2159"]
[PlyCount "53"]
[GameId "2160767910701584"]
[EventDate "2007.03.16"]
[EventType "swiss"]
[EventRounds "5"]
[EventCountry "CAN"]
[SourceTitle "EXT 2008"]
[Source "ChessBase"]
[SourceDate "2007.11.25"]
[SourceVersion "1"]
[SourceVersionDate "2007.11.25"]
[SourceQuality "1"]

1. Nf3 Nf6 2. c4 d5 3. cxd5 Nxd5 4. d4 g6 5. e4 Nb6 6. h3 Bg7 7. Nc3 O-O 8. a4 Nc6 9. a5 Nd7 10. e5 e6 11. Bc4 Ne7 12. Ne4 h6 13. b4 Kh7 14. h4 Rh8 15. h5 g5 16. Nfxg5+ hxg5 17. Nxg5+ Kg8 18. Nxe6 fxe6 19. Bxe6+ Kf8 20. Qf3+ Bf6 21. exf6 Ng8 22. Bxg8 Qe8+ 23. Kf1 Rxg8 24. f7 Qxf7 25. Bh6+ Rg7 26. Bxg7+ Kxg7 27. h6+ 1-0

[Event "Mauricie op"]
[Site "Trois Rivieres CAN"]
[Date "2007.03.17"]
[Round "3"]
[White "Audet-Bouchard, Nicolas"]
[Black "Hebert, Jean"]
[Result "0-1"]
[WhiteElo "2200"]
[BlackElo "2405"]
[PlyCount "98"]
[GameId "2160767910709788"]
[EventDate "2007.03.16"]
[EventType "swiss"]
[EventRounds "5"]
[EventCountry "CAN"]
[SourceTitle "EXT 2008"]
[Source "ChessBase"]
[SourceDate "2007.11.25"]
[SourceVersion "1"]
[SourceVersionDate "2007.11.25"]
[SourceQuality "1"]

1. e4 g6 2. d4 d6 3. Nc3 c6 4. f4 d5 5. e5 h5 6. Be3 Nh6 7. Nf3 Bf5 8. Qd2 e6 9. g3 b5 10. h3 Nd7 11. Rg1 Nb6 12. b3 Be7 13. Nh2 Be4 14. Nxe4 dxe4 15. Bg2 Nd5 16. c3 Nf5 17. Nf1 b4 18. Bxe4 bxc3 19. Qd3 Rc8 20. Bf2 Qa5 21. Ke2 Ba3 22. Kf3 Bb2 23. Ne3 Nfxe3 24. Bxe3 Bxa1 25. Rxa1 Qa3 26. Bc1 Qb4 27. a3 Qb5 28. a4 Qxd3+ 29. Bxd3 Nb4 30. Bc4 Nc2 31. Ra2 Nxd4+ 32. Ke4 Nf5 33. Rg2 Rd8 34. Ba3 Rd1 35. Bb4 Re1+ 36. Kd3 Re3+ 37. Kc2 Rxg3 38. Rxg3 Nxg3 39. Kxc3 Kd7 40. Kd4 Kc7 41. Bd6+ Kb7 42. Bd3 Nf5+ 43. Kc5 Nxd6 44. exd6 h4 45. Be2 g5 46. Bf3 gxf4 47. Bxc6+ Kc8 48. Bf3 Rg8 49. b4 Rg3 0-1

[Event "Mauricie op"]
[Site "Trois Rivieres CAN"]
[Date "2007.03.18"]
[Round "4"]
[White "Hebert, Jean"]
[Black "Hamilton, Robert"]
[Result "1-0"]
[WhiteElo "2406"]
[BlackElo "2269"]
[PlyCount "149"]
[GameId "2160767910709809"]
[EventDate "2007.03.16"]
[EventType "swiss"]
[EventRounds "5"]
[EventCountry "CAN"]
[SourceTitle "EXT 2022"]
[Source "ChessBase"]
[SourceDate "2021.10.06"]
[SourceVersion "1"]
[SourceVersionDate "2021.10.06"]
[SourceQuality "1"]

1. Nf3 Nf6 2. c4 c5 3. Nc3 e6 4. e3 Nc6 5. d4 cxd4 6. exd4 d5 7. a3 dxc4 8. Bxc4 Be7 9. O-O O-O 10. Re1 b6 11. Qd3 Bb7 12. Bg5 Nd5 13. Bxd5 exd5 14. Bxe7 Nxe7 15. Re3 Ng6 16. Qf5 Qd6 17. g3 Rad8 18. Rae1 Bc8 19. Qh5 f6 20. Nd2 Rf7 21. Qe2 Nf8 22. Qd3 Be6 23. Nf3 Qd7 24. Qb5 Qxb5 25. Nxb5 Bc8 26. a4 Ba6 27. Nc3 Rc7 28. Nh4 Bc8 29. Re7 Rcd7 30. Nf5 Rxe7 31. Nxe7+ Kf7 32. Nxc8 Rxc8 33. Nb5 Rc2 34. Nd6+ Kg8 35. b3 Rc7 36. Re8 Rd7 37. Nb5 a6 38. Nc3 Kf7 39. Ra8 a5 40. Rb8 Rd6 41. Nb5 Rc6 42. Rb7+ Kg6 43. Nc7 Rc3 44. Nxd5 Rxb3 45. Ne7+ Kg5 46. h4+ Kg4 47. Kg2 g5 48. hxg5 Kxg5 49. Nd5 Ne6 50. Rxh7 Nxd4 51. Rb7 b5 52. axb5 Rxb5 53. Rg7+ Kf5 54. Ne3+ Ke6 55. Ra7 Nb3 56. Ra6+ Ke7 57. g4 Re5 58. Nf5+ Kf7 59. f4 Rc5 60. Kg3 Rc3+ 61. Kh4 Rf3 62. Nd6+ Ke7 63. f5 Rf4 64. Nc8+ Kd7 65. Na7 Ke7 66. Nc6+ Kf7 67. Ra7+ Kf8 68. Kh5 a4 69. Ne7 Rd4 70. Ng6+ Ke8 71. g5 Rd6 72. gxf6 Rxf6 73. Kg5 Rb6 74. f6 Rb5+ 75. Kh6 1-0

[Event "Mauricie op"]
[Site "Trois Rivieres CAN"]
[Date "2007.03.18"]
[Round "5"]
[White "Bolduc, Steve"]
[Black "Hebert, Jean"]
[Result "1/2-1/2"]
[WhiteElo "2292"]
[BlackElo "2406"]
[PlyCount "38"]
[GameId "2160767910709823"]
[EventDate "2007.03.16"]
[EventType "swiss"]
[EventRounds "5"]
[EventCountry "CAN"]
[SourceTitle "EXT 2022"]
[Source "ChessBase"]
[SourceDate "2021.10.06"]
[SourceVersion "1"]
[SourceVersionDate "2021.10.06"]
[SourceQuality "1"]

1. d4 Nf6 2. c4 e6 3. Nf3 b6 4. Nc3 Bb7 5. Bg5 Bb4 6. e3 h6 7. Bh4 Bxc3+ 8. bxc3 d6 9. Qc2 Nbd7 10. Bd3 Qe7 11. e4 e5 12. O-O O-O 13. Rae1 Rfe8 14. Bg3 Nh5 15. Nh4 g6 16. Qd1 Qg5 17. Nf5 gxf5 18. h4 Qg7 19. Qxh5 f4 1/2-1/2

[Event "Kingston city match 4"]
[Site "Kingston CAN"]
[Date "2005.09.10"]
[Round "1"]
[White "Hebert, Jean"]
[Black "Taylor, Gordon"]
[Result "1/2-1/2"]
[WhiteElo "2392"]
[BlackElo "2357"]
[PlyCount "78"]
[GameId "2160767910900216"]
[EventDate "2005.09.10"]
[EventType "swiss"]
[EventRounds "3"]
[EventCountry "CAN"]
[SourceTitle "EXT 2022"]
[Source "ChessBase"]
[SourceDate "2021.10.06"]
[SourceVersion "1"]
[SourceVersionDate "2021.10.06"]
[SourceQuality "1"]

1. Nf3 Nf6 2. c4 c5 3. Nc3 d5 4. cxd5 Nxd5 5. e4 Nb4 6. d3 N8c6 7. a3 Na6 8. Be3 e5 9. Be2 Be7 10. O-O Be6 11. Rc1 O-O 12. Nd2 Qd7 13. Nc4 f6 14. f4 exf4 15. Bxf4 Nd4 16. Ne3 Nc7 17. Bg4 Bxg4 18. Qxg4 Qxg4 19. Nxg4 Nce6 20. Bg3 Rad8 21. Ne3 Bd6 22. Rf2 Bxg3 23. hxg3 Nc6 24. Ncd5 Ne5 25. Rc3 Rf7 26. b4 b6 27. bxc5 Nxc5 28. d4 Nxe4 29. dxe5 Nxc3 30. Nxc3 fxe5 31. Re2 Rd3 32. Ned5 Rxg3 33. Rxe5 h6 34. a4 Rd3 35. Re8+ Kh7 36. Rd8 Rg3 37. Ne4 Ra3 38. Ndc3 Rc7 39. Ra8 Raxc3 1/2-1/2

[Event "Kingston city match 4"]
[Site "Kingston CAN"]
[Date "2005.09.10"]
[Round "2"]
[White "Quan Zhe"]
[Black "Hebert, Jean"]
[Result "0-1"]
[WhiteElo "2382"]
[BlackElo "2392"]
[PlyCount "76"]
[GameId "2160767910900227"]
[EventDate "2005.09.10"]
[EventType "swiss"]
[EventRounds "3"]
[EventCountry "CAN"]
[SourceTitle "EXT 2022"]
[Source "ChessBase"]
[SourceDate "2021.10.06"]
[SourceVersion "1"]
[SourceVersionDate "2021.10.06"]
[SourceQuality "1"]

1. d4 Nf6 2. c4 e6 3. Nf3 c5 4. d5 b5 5. dxe6 fxe6 6. cxb5 a6 7. bxa6 Bxa6 8. g3 Nc6 9. Bg2 Be7 10. O-O O-O 11. b3 Ne4 12. Bb2 Bf6 13. Ne5 Nxe5 14. Bxe4 d5 15. Bg2 Nf3+ 16. Bxf3 Bxb2 17. Nd2 Bxa1 18. Qxa1 Rxf3 19. exf3 Bxf1 20. Kxf1 Qa5 21. Qe1 e5 22. a4 Qa6+ 23. Kg2 Qd3 24. Qc1 Rf8 25. a5 Qe2 26. Qc3 e4 27. f4 Re8 28. Kg1 e3 29. fxe3 Qe1+ 30. Kg2 Rxe3 31. Qxc5 Qxd2+ 32. Kh3 Qd3 33. Qc8+ Kf7 34. a6 Re6 35. Qd7+ Re7 36. Qc8 g6 37. b4 Qf1+ 38. Kh4 Qe2 0-1

[Event "Kingston city match 4"]
[Site "Kingston CAN"]
[Date "2005.09.10"]
[Round "3"]
[White "Hebert, Jean"]
[Black "Tremblay, Rejean"]
[Result "0-1"]
[WhiteElo "2392"]
[BlackElo "2078"]
[PlyCount "96"]
[GameId "2160767910900232"]
[EventDate "2005.09.10"]
[EventType "swiss"]
[EventRounds "3"]
[EventCountry "CAN"]
[SourceTitle "EXT 2022"]
[Source "ChessBase"]
[SourceDate "2021.10.06"]
[SourceVersion "1"]
[SourceVersionDate "2021.10.06"]
[SourceQuality "1"]

1. d4 Nf6 2. c4 g6 3. Nc3 Bg7 4. e4 d6 5. Nf3 O-O 6. Be2 e5 7. Be3 Ng4 8. Bg5 f6 9. Bh4 Nc6 10. d5 Ne7 11. Nd2 f5 12. Bxg4 fxg4 13. Nf1 h6 14. Ne3 g5 15. Bg3 h5 16. h3 h4 17. hxg4 hxg3 18. fxg3 Bd7 19. Qd2 Bf6 20. O-O-O Kg7 21. Rdf1 Rh8 22. Rhg1 Ng8 23. Qe2 a6 24. Rf2 b5 25. Rgf1 bxc4 26. Qxc4 Bb5 27. Nxb5 axb5 28. Qxb5 Rxa2 29. Kb1 Ra7 30. Nc4 Rh7 31. Ne3 Qa8 32. Nc2 Rb7 33. Qd7+ Kh8 34. Qe6 Qb8 35. Rxf6 Rxb2+ 36. Kc1 Ra2 37. Nb4 Ra1+ 38. Kc2 Rxf1 39. Rxf1 Qxb4 40. Rf8 Qxe4+ 41. Kc3 Rg7 42. Re8 Kh7 43. Rf8 Ne7 44. Rf7 Nxd5+ 45. Kb2 Qb4+ 46. Ka1 Qa3+ 47. Kb1 Nc3+ 48. Kc2 Qa2+ 0-1

[Event "Montreal op"]
[Site "Montreal CAN"]
[Date "2005.07.17"]
[Round "1"]
[White "Hebert, Jean"]
[Black "Roy, Alain"]
[Result "1-0"]
[WhiteElo "2405"]
[BlackElo "2117"]
[PlyCount "103"]
[GameId "2160767910901112"]
[EventDate "2005.07.15"]
[EventType "swiss"]
[EventRounds "9"]
[EventCountry "CAN"]
[SourceTitle "EXT 2007"]
[Source "ChessBase"]
[SourceDate "2006.11.23"]
[SourceVersion "1"]
[SourceVersionDate "2006.11.23"]
[SourceQuality "1"]

1. d4 g6 2. e4 Bg7 3. Nc3 d6 4. Be3 Nf6 5. Qd2 c6 6. f3 b5 7. Nge2 Nbd7 8. a4 b4 9. Na2 a5 10. c4 Ba6 11. b3 h5 12. Rd1 Qc7 13. Nac1 c5 14. d5 h4 15. Nd3 O-O-O 16. Qc2 Kb8 17. Kf2 Bc8 18. Nec1 Nh5 19. g4 hxg3+ 20. hxg3 f5 21. exf5 gxf5 22. Bh3 Rdf8 23. Ne2 Ne5 24. Nef4 Nxd3+ 25. Qxd3 Nxf4 26. Bxf4 Bd4+ 27. Kg2 e5 28. dxe6 Bxe6 29. Be3 f4 30. Bxd4 Bxh3+ 31. Rxh3 Rxh3 32. Kxh3 cxd4 33. g4 Rh8+ 34. Kg2 Qe7 35. Qe4 Qxe4 36. fxe4 f3+ 37. Kxf3 Rh3+ 38. Kf4 Rxb3 39. Rxd4 Kc7 40. Rd5 Rc3 41. Rxa5 Rxc4 42. Rb5 b3 43. a5 Ra4 44. g5 Kd7 45. Kf5 b2 46. Rxb2 Rxa5+ 47. Kf6 Re5 48. Rb7+ Kc6 49. Re7 Ra5 50. g6 Ra1 51. g7 Rf1+ 52. Ke6 1-0

[Event "Montreal op"]
[Site "Montreal CAN"]
[Date "2005.07.18"]
[Round "2"]
[White "Berube, Antoine"]
[Black "Hebert, Jean"]
[Result "1/2-1/2"]
[WhiteElo "2168"]
[BlackElo "2405"]
[PlyCount "79"]
[GameId "2160767910901131"]
[EventDate "2005.07.15"]
[EventType "swiss"]
[EventRounds "9"]
[EventCountry "CAN"]
[SourceTitle "EXT 2007"]
[Source "ChessBase"]
[SourceDate "2006.11.23"]
[SourceVersion "1"]
[SourceVersionDate "2006.11.23"]
[SourceQuality "1"]

1. e4 d6 2. d4 g6 3. c4 Bg7 4. Nc3 Nf6 5. f3 O-O 6. Be3 c5 7. dxc5 dxc5 8. Qxd8 Rxd8 9. Bxc5 Nc6 10. Nd5 Nxd5 11. cxd5 Bxb2 12. Rb1 Bc3+ 13. Kf2 Bd4+ 14. Bxd4 Nxd4 15. Ke3 e5 16. Ne2 Nxe2 17. Bxe2 Kf8 18. Rhc1 b6 19. Rc7 Rd6 20. Bb5 a6 21. Rbc1 axb5 22. Rxc8+ Rd8 23. Rxd8+ Rxd8 24. Rb1 Ra8 25. Rxb5 Ra3+ 26. Rb3 Rxa2 27. Rxb6 Rxg2 28. d6 Ke8 29. Rb7 Rxh2 30. Re7+ Kd8 31. Rxf7 Rh1 32. Kf2 Rd1 33. Rxh7 Rxd6 34. Kg3 Rd7 35. Rh6 Rg7 36. Kg4 Ke7 37. Rh8 Rf7 38. Rg8 Rf4+ 39. Kg3 Kf7 40. Ra8 1/2-1/2

[Event "Montreal op"]
[Site "Montreal CAN"]
[Date "2005.07.19"]
[Round "3"]
[White "Hebert, Jean"]
[Black "Rosen, Matthew"]
[Result "1-0"]
[WhiteElo "2405"]
[BlackElo "2191"]
[PlyCount "63"]
[GameId "2160767910901153"]
[EventDate "2005.07.15"]
[EventType "swiss"]
[EventRounds "9"]
[EventCountry "CAN"]
[SourceTitle "EXT 2007"]
[Source "ChessBase"]
[SourceDate "2006.11.23"]
[SourceVersion "1"]
[SourceVersionDate "2006.11.23"]
[SourceQuality "1"]

1. d4 Nf6 2. c4 e6 3. Nc3 Bb4 4. e3 c5 5. Bd3 Nc6 6. Nf3 O-O 7. O-O Bxc3 8. bxc3 d6 9. e4 e5 10. h3 Ne8 11. d5 Ne7 12. Nh2 f5 13. exf5 Bxf5 14. f4 Bxd3 15. Qxd3 exf4 16. Bxf4 Ng6 17. Bg3 Rxf1+ 18. Rxf1 Qg5 19. Qf3 h5 20. Qf7+ Kh7 21. Rf5 Qc1+ 22. Nf1 Qh6 23. Qxb7 Rd8 24. Qxa7 h4 25. Bh2 Kh8 26. Qf7 Ra8 27. a4 Nf6 28. Bxd6 Ne4 29. Qe6 Nxc3 30. Bxc5 Rxa4 31. Bd4 Rxc4 32. Rf8+ 1-0

[Event "Montreal op"]
[Site "Montreal CAN"]
[Date "2005.07.20"]
[Round "4"]
[White "Predescu, Sebastian"]
[Black "Hebert, Jean"]
[Result "0-1"]
[WhiteElo "2234"]
[BlackElo "2405"]
[PlyCount "102"]
[GameId "2160767910901177"]
[EventDate "2005.07.15"]
[EventType "swiss"]
[EventRounds "9"]
[EventCountry "CAN"]
[SourceTitle "EXT 2007"]
[Source "ChessBase"]
[SourceDate "2006.11.23"]
[SourceVersion "1"]
[SourceVersionDate "2006.11.23"]
[SourceQuality "1"]

1. e4 g6 2. d4 d6 3. Nc3 c6 4. Be3 Bg7 5. Qd2 b5 6. Bd3 Nd7 7. f4 Ngf6 8. Nf3 Nb6 9. e5 Nfd5 10. Nxd5 Nxd5 11. O-O-O Rb8 12. f5 Nxe3 13. Qxe3 gxf5 14. Qg5 O-O 15. g4 h6 16. Qh5 fxg4 17. Nh4 e6 18. Rhg1 Qg5+ 19. Qxg5 hxg5 20. Rxg4 f6 21. exf6 Bxf6 22. Nf3 e5 23. Rg3 g4 24. dxe5 Bg7 25. Nd2 Bxe5 26. Rg2 Rb7 27. Be2 Rg7 28. Rf1 d5 29. c3 a5 30. Nb3 Rxf1+ 31. Bxf1 a4 32. Nd4 Bxd4 33. cxd4 Rf7 34. Be2 Rf4 35. h3 Rxd4 36. hxg4 Kg7 37. Kc2 b4 38. Rf2 Re4 39. Rg2 Bd7 40. b3 a3 41. Kd2 c5 42. Bf3 Re5 43. Rg1 Be6 44. Kd3 Bd7 45. Rc1 Bb5+ 46. Kd2 c4 47. bxc4 dxc4 48. Rb1 b3 49. axb3 a2 50. Ra1 cxb3 51. Kc1 Be2 0-1

[Event "Montreal op"]
[Site "Montreal CAN"]
[Date "2005.07.21"]
[Round "5"]
[White "Hebert, Jean"]
[Black "Voskanyan, Vahagn"]
[Result "1/2-1/2"]
[WhiteElo "2405"]
[BlackElo "2277"]
[PlyCount "153"]
[GameId "2160767910901191"]
[EventDate "2005.07.15"]
[EventType "swiss"]
[EventRounds "9"]
[EventCountry "CAN"]
[SourceTitle "EXT 2007"]
[Source "ChessBase"]
[SourceDate "2006.11.23"]
[SourceVersion "1"]
[SourceVersionDate "2006.11.23"]
[SourceQuality "1"]

1. d4 Nf6 2. c4 e6 3. Nc3 d5 4. cxd5 exd5 5. Bg5 Be7 6. e3 Nbd7 7. Bd3 Nf8 8. Qe2 Ne6 9. Bh4 c6 10. Nf3 g6 11. O-O Ng7 12. b4 Bf5 13. b5 O-O 14. bxc6 bxc6 15. Bxf6 Bxf6 16. Na4 Rc8 17. Rab1 Bxd3 18. Qxd3 Qa5 19. Nc5 Be7 20. Qa6 Qxa6 21. Nxa6 Ne6 22. Rb7 Bd6 23. Rc1 c5 24. dxc5 Nxc5 25. Nxc5 Bxc5 26. Rd1 Bb6 27. g4 Rfd8 28. Ne5 Bc7 29. Nf3 Bb6 30. h3 Rc7 31. Rxc7 Bxc7 32. Nd4 Rd7 33. Nc6 Kf8 34. Nb4 Bd6 35. Nxd5 Rb7 36. Rd2 h6 37. Rc2 a5 38. Kg2 a4 39. Rc6 Be5 40. Ra6 Rb5 41. Nb6 Bc7 42. Nxa4 h5 43. Nc3 Re5 44. a4 Ba5 45. Nb5 Be1 46. Rc6 hxg4 47. hxg4 Re4 48. Nd4 Rxg4+ 49. Kf3 Rg5 50. Rc1 Bd2 51. Rc8+ Kg7 52. Nb3 Rd5 53. Rb8 Bc3 54. Rb5 Rd7 55. a5 Ra7 56. Ke4 Be1 57. f3 f5+ 58. Kd3 Kh6 59. Ke2 Bc3 60. Kd3 Be1 61. e4 fxe4+ 62. fxe4 g5 63. Ke2 Bc3 64. Rc5 Bb4 65. Rc6+ Kh5 66. a6 Kh4 67. Nd4 g4 68. Nb5 Ra8 69. Kf2 g3+ 70. Kg2 Be1 71. Nc7 Rb8 72. Rc2 Bf2 73. Rxf2 gxf2 74. a7 Rf8 75. Kf1 Kg3 76. a8=Q Rxa8 77. Nxa8 1/2-1/2

[Event "Montreal op"]
[Site "Montreal CAN"]
[Date "2005.07.22"]
[Round "6"]
[White "McDonough, Jonathan"]
[Black "Hebert, Jean"]
[Result "1/2-1/2"]
[WhiteElo "2192"]
[BlackElo "2405"]
[PlyCount "41"]
[GameId "2160767910901202"]
[EventDate "2005.07.15"]
[EventType "swiss"]
[EventRounds "9"]
[EventCountry "CAN"]
[SourceTitle "EXT 2007"]
[Source "ChessBase"]
[SourceDate "2006.11.23"]
[SourceVersion "1"]
[SourceVersionDate "2006.11.23"]
[SourceQuality "1"]

1. d4 Nf6 2. c4 e6 3. Nc3 c5 4. d5 exd5 5. cxd5 g6 6. e4 d6 7. f4 Bg7 8. Bb5+ Nfd7 9. a4 O-O 10. Nf3 Na6 11. O-O Nc7 12. Be2 Re8 13. Nd2 f5 14. Nc4 Bd4+ 15. Kh1 Nb6 16. exf5 Nxc4 17. Bxc4 gxf5 18. Ne2 Bf6 19. Ng3 Bd4 20. Ne2 Bf6 21. Ng3 1/2-1/2

[Event "Montreal op"]
[Site "Montreal CAN"]
[Date "2005.07.23"]
[Round "8"]
[White "Duong, Thanh Nha"]
[Black "Hebert, Jean"]
[Result "1/2-1/2"]
[WhiteElo "2360"]
[BlackElo "2405"]
[PlyCount "34"]
[GameId "2160767910901220"]
[EventDate "2005.07.15"]
[EventType "swiss"]
[EventRounds "9"]
[EventCountry "CAN"]
[SourceTitle "EXT 2007"]
[Source "ChessBase"]
[SourceDate "2006.11.23"]
[SourceVersion "1"]
[SourceVersionDate "2006.11.23"]
[SourceQuality "1"]

1. d4 Nf6 2. c4 e6 3. g3 Bb4+ 4. Bd2 c5 5. Nf3 Nc6 6. a3 Bxd2+ 7. Qxd2 cxd4 8. Nxd4 d5 9. Bg2 Qb6 10. Nxc6 bxc6 11. Nc3 O-O 12. cxd5 cxd5 13. O-O Ba6 14. b4 Rad8 15. Rfe1 Bc4 16. e3 Qb8 17. Rad1 h6 1/2-1/2

[Event "Montreal op"]
[Site "Montreal CAN"]
[Date "2005.07.24"]
[Round "9"]
[White "Noble, Matthew"]
[Black "Hebert, Jean"]
[Result "1/2-1/2"]
[WhiteElo "2368"]
[BlackElo "2405"]
[PlyCount "31"]
[GameId "2160767910901235"]
[EventDate "2005.07.15"]
[EventType "swiss"]
[EventRounds "9"]
[EventCountry "CAN"]
[SourceTitle "EXT 2007"]
[Source "ChessBase"]
[SourceDate "2006.11.23"]
[SourceVersion "1"]
[SourceVersionDate "2006.11.23"]
[SourceQuality "1"]

1. c4 g6 2. Nf3 Bg7 3. d4 Nf6 4. g3 O-O 5. Bg2 d5 6. cxd5 Nxd5 7. O-O Nb6 8. Nc3 Nc6 9. e3 Re8 10. b3 e5 11. dxe5 Nxe5 12. Nxe5 Bxe5 13. Bb2 Qxd1 14. Raxd1 c6 15. Rd2 f5 16. Rfd1 1/2-1/2

[Event "Montreal Masters 5"]
[Site "Montreal CAN"]
[Date "2005.06.06"]
[Round "2"]
[White "Anastasovski, Nikola"]
[Black "Hebert, Jean"]
[Result "1-0"]
[WhiteElo "2143"]
[BlackElo "2435"]
[PlyCount "65"]
[GameId "2160767910968056"]
[EventDate "2005.06.06"]
[EventType "swiss (rapid)"]
[EventRounds "4"]
[EventCountry "CAN"]
[SourceTitle "hb"]

1. c4 e5 2. Nc3 Nf6 3. e4 Bc5 4. d3 d6 5. h3 Be6 6. g3 Nc6 7. Bg2 h5 8. Bg5 Qd7 9. Qd2 Ng8 10. Nge2 f6 11. Be3 h4 12. g4 Nd4 13. O-O Ne7 14. Kh1 Nec6 15. f4 a6 16. f5 Bf7 17. Rf2 Rb8 18. Rg1 b5 19. b3 Ne7 20. Bxd4 exd4 21. Nd5 bxc4 22. dxc4 Nc6 23. Nef4 Ne5 24. Nd3 Ba7 25. Bf3 c6 26. N5f4 c5 27. g5 Nc6 28. Rfg2 Kf8 29. gxf6 gxf6 30. Rg7 Ne7 31. Qg2 Qe8 32. Ne6+ Bxe6 33. fxe6 1-0

[Event "Sherbrooke-op A"]
[Site "Sherbrooke CAN"]
[Date "2005.05.27"]
[Round "1"]
[White "Pelletier, Jean"]
[Black "Hebert, Jean"]
[Result "0-1"]
[WhiteElo "1655"]
[BlackElo "2404"]
[PlyCount "34"]
[GameId "2160767910968114"]
[EventDate "2005.05.27"]
[EventType "swiss"]
[EventRounds "5"]
[EventCountry "CAN"]
[SourceTitle "CBM 106 Extra"]
[Source "ChessBase"]
[SourceDate "2005.07.01"]
[SourceVersion "1"]
[SourceVersionDate "2005.07.01"]
[SourceQuality "1"]

1. b3 c5 2. e3 Nc6 3. Bb2 e5 4. Bb5 Bd6 5. f4 Nge7 6. Nf3 exf4 7. Bxg7 Rg8 8. Bh6 Nf5 9. Bxf4 Bxf4 10. exf4 Rxg2 11. Kf1 Rg4 12. Bxc6 dxc6 13. Qe2+ Be6 14. Rg1 Rxg1+ 15. Kxg1 Nd4 16. Qd3 Nxf3+ 17. Qxf3 Qd4+ 0-1

[Event "Sherbrooke-op A"]
[Site "Sherbrooke CAN"]
[Date "2005.05.28"]
[Round "2"]
[White "Hebert, Jean"]
[Black "Forget, David"]
[Result "1-0"]
[WhiteElo "2404"]
[BlackElo "1841"]
[PlyCount "71"]
[GameId "2160767910968116"]
[EventDate "2005.05.27"]
[EventType "swiss"]
[EventRounds "5"]
[EventCountry "CAN"]
[SourceTitle "CBM 106 Extra"]
[Source "ChessBase"]
[SourceDate "2005.07.01"]
[SourceVersion "1"]
[SourceVersionDate "2005.07.01"]
[SourceQuality "1"]

1. e4 e6 2. d4 d5 3. Nc3 Bb4 4. e5 c5 5. Bd2 cxd4 6. Nb5 Bxd2+ 7. Qxd2 Nc6 8. f4 Nge7 9. Nd6+ Kf8 10. Nf3 Nf5 11. Nxf5 exf5 12. Nxd4 Nxd4 13. Qb4+ Qe7 14. Qxd4 Be6 15. O-O-O g6 16. h4 h5 17. Rh3 Kg7 18. Be2 Rac8 19. Ra3 a6 20. g3 Qc5 21. Rd2 Rhd8 22. Rb3 Rd7 23. Qxc5 Rxc5 24. Rd4 Rdc7 25. c3 b5 26. Ra3 Bc8 27. Kd2 Rd7 28. Ra5 Rcc7 29. a4 Rc4 30. Bxc4 dxc4 31. Rxd7 Bxd7 32. Rxa6 bxa4 33. Ra7 Be6 34. Ke3 Kf8 35. Kd4 Ke8 36. Kc5 1-0

[Event "Sherbrooke-op A"]
[Site "Sherbrooke CAN"]
[Date "2005.05.28"]
[Round "3"]
[White "Mercier, Andre"]
[Black "Hebert, Jean"]
[Result "0-1"]
[WhiteElo "1822"]
[BlackElo "2404"]
[PlyCount "62"]
[GameId "2160767910968119"]
[EventDate "2005.05.27"]
[EventType "swiss"]
[EventRounds "5"]
[EventCountry "CAN"]
[SourceTitle "CBM 106 Extra"]
[Source "ChessBase"]
[SourceDate "2005.07.01"]
[SourceVersion "1"]
[SourceVersionDate "2005.07.01"]
[SourceQuality "1"]

1. d4 g6 2. Nf3 Nf6 3. g3 Bg7 4. Bg2 O-O 5. O-O d5 6. c4 dxc4 7. Ne5 Nfd7 8. Nxc4 Nb6 9. Nxb6 axb6 10. e3 c5 11. dxc5 bxc5 12. Qc2 Na6 13. Bd2 Qb6 14. Nc3 Nb4 15. Nd5 Nxd5 16. Bxd5 Rd8 17. Bb3 Bh3 18. Rfd1 Qc6 19. e4 Qf6 20. Bc4 Qxb2 21. Qxb2 Bxb2 22. Rab1 Bg4 23. f3 Bxf3 24. Rxb2 Bxd1 25. Be3 Ra4 26. Bd5 e6 27. Bxb7 Rb4 28. Rxb4 cxb4 29. Ba6 Bf3 30. Bc5 Ra8 31. Bd3 Rxa2 0-1

[Event "Sherbrooke-op A"]
[Site "Sherbrooke CAN"]
[Date "2005.05.28"]
[Round "4"]
[White "Hebert, Jean"]
[Black "Lopez, Jose"]
[Result "1-0"]
[WhiteElo "2404"]
[BlackElo "1749"]
[PlyCount "64"]
[GameId "2160767910968121"]
[EventDate "2005.05.27"]
[EventType "swiss"]
[EventRounds "5"]
[EventCountry "CAN"]
[SourceTitle "CBM 106 Extra"]
[Source "ChessBase"]
[SourceDate "2005.07.01"]
[SourceVersion "1"]
[SourceVersionDate "2005.07.01"]
[SourceQuality "1"]

1. d4 d5 2. c4 e6 3. Nc3 Nf6 4. Bg5 c6 5. e3 Nbd7 6. cxd5 exd5 7. Bd3 Be7 8. Qc2 O-O 9. Nf3 g6 10. h3 Ne8 11. Bh6 Ng7 12. O-O-O Re8 13. g4 b5 14. e4 b4 15. Ne2 c5 16. exd5 Bb7 17. Nf4 Rc8 18. Kb1 cxd4 19. Qd2 Nb6 20. Bb5 Nc4 21. Qd3 Nxb2 22. Kxb2 Rc3 23. Qe4 Qa5 24. Qxd4 Qa3+ 25. Kb1 Bf8 26. Bxe8 Nf5 27. Qf6 Nxh6 28. Ng5 Rc7 29. Rd3 Qa5 30. Bc6 Bxc6 31. dxc6 b3 32. Rxb3 Rxc6 1-0